[Event "3rd Ortega Rating"]
[Site "Ortega COL"]
[Date "2013.06.08"]
[Round "3.1"]
[White "Hevia,A"]
[Black "Rios Parra,M"]
[Result "1-0"]
[WhiteElo "2498"]
[BlackElo "2297"]

1.d4 Nf6 2.Nf3 d5 3.c4 e6 4.g3 Be7 5.Bg2 O-O 6.O-O c6 7.Qc2 Nbd7 8.Bf4 Re8
9.b3 Nf8 10.Nc3 Ng6 11.Bc1 dxc4 12.bxc4 e5 13.dxe5 Ng4 14.Bb2 Bf8 15.Ne4 N4xe5
16.Nxe5 Nxe5 17.Rad1 Qa5 18.Bc3 Bb4 19.Nd6 Re7 20.Bxb4 Qxb4 21.c5 Qa5 22.f4 Ng4
23.Nxc8 Rxc8 24.Qf5 Rce8 25.Qxg4 Qxc5+ 26.Kh1 h5 27.Qh3 Rxe2 28.f5 Rxa2 29.Qxh5 Qc2
30.Bf3 Ra5 31.Rfe1 Rf8 32.Be4 Qc3 33.Qh4 Re8 34.f6 g6 35.Qh6  1-0

[Event "FIDE World Blitz 2013"]
[Site "Khanty-Mansiysk RUS"]
[Date "2013.06.10"]
[Round "25.13"]
[White "Cheparinov,I"]
[Black "Sargissian,G"]
[Result "0-1"]
[WhiteElo "2678"]
[BlackElo "2671"]

1.d4 d5 2.c4 e6 3.Nf3 Nf6 4.g3 Be7 5.Bg2 O-O 6.O-O c6 7.b3 b6 8.Qc2 Bb7 9.Nc3 a5
10.Bf4 Na6 11.Rfd1 Rc8 12.Qb2 h6 13.Rac1 Bb4 14.a3 Be7 15.Ne5 Nd7 16.cxd5 cxd5
17.Nb5 Nxe5 18.dxe5 Rxc1 19.Rxc1 Nc5 20.b4 Nd7 21.Nd4 Qb8 22.Bh3 g5 23.Be3 Nxe5
24.bxa5 Nc4 25.Qb1 Nxe3 26.fxe3 Qe5 27.Kf2 Bxa3 28.Rc2 Bc5 29.axb6 Bxd4 30.exd4 Qxd4+
31.e3 Qf6+ 32.Kg1 Qf3 33.Qe1 Qf6 34.Rc7 Rb8 35.Qc1 Kg7 36.Bg2 Ba8 37.Qc5 d4
38.Bxa8 Rxa8 39.Qxd4 Ra1+ 40.Kg2 Ra2+ 41.Kh3 Qxd4 42.exd4 Rb2 43.b7 h5 44.g4 Rb3+
45.Kg2 hxg4 46.Kf2 Kg6 47.Kg2 f5 48.Kf2 f4 49.Kg2 Kf5 50.Rc5+ Kf6 51.Rc7 Rb2+
52.Kg1 Kf5 53.Re7 Ke4 54.Rxe6+ Kf3 55.Re1 Rxb7 56.Rd1 Rd7 57.d5 Rd6 58.Kh1 Ke4
59.Rg1 Kf5 60.Rd1 Ke4 61.Rg1 Rxd5 62.Rxg4 Kf3 63.h3 Ke2 64.Rg2+ Ke3 65.Ra2 Rd1+
66.Kg2 f3+ 67.Kg3 Rg1+ 68.Kh2 f2  0-1

[Event "FIDE World Blitz 2013"]
[Site "Khanty-Mansiysk RUS"]
[Date "2013.06.10"]
[Round "28.15"]
[White "Tkachiev,V"]
[Black "Gundavaa,B"]
[Result "1-0"]
[WhiteElo "2649"]
[BlackElo "2516"]

1.d4 Nf6 2.c4 e6 3.g3 d5 4.Bg2 Be7 5.Nf3 O-O 6.O-O dxc4 7.Qc2 a6 8.a4 Bd7
9.Qxc4 Bc6 10.Bg5 h6 11.Bxf6 Bxf6 12.Nc3 Bxf3 13.Bxf3 c6 14.e3 a5 15.b4 axb4
16.Qxb4 Ra7 17.a5 Na6 18.Qb6 Qa8 19.Ne4 Bd8 20.Qb2 Nc7 21.Nd6 Nb5 22.Nxb5 cxb5
23.Qxb5 Rxa5 24.Rxa5 Qxa5 25.Qxb7 Bf6 26.Rc1 Qa4 27.Rc7 Qa3 28.Kg2 Qd6 29.h4 Qd8
30.h5 Qb8 31.Rxf7 Qxb7 32.Rxb7 Re8 33.Bg4 Kf8 34.f4 Re7 35.Rb6 Kf7 36.Bd1  1-0

[Event "Zonal 3.4 2013"]
[Site "Osh KGZ"]
[Date "2013.06.10"]
[Round "4"]
[White "Attokurov"]
[Black "Ismailov,Timur"]
[Result "1-0"]
[WhiteElo "1885"]
[BlackElo "2050"]

1.d4 Nf6 2.c4 e6 3.g3 d5 4.Bg2 Be7 5.Nf3 O-O 6.O-O dxc4 7.Nc3 Nbd7 8.e4 Nb6
9.a4 c5 10.a5 Nbd7 11.d5 exd5 12.exd5 Ne8 13.Bf4 Nd6 14.Re1 Nb8 15.Qe2 Bf6
16.Bxd6 Qxd6 17.Nd2 Bd4 18.Nxc4 Qa6 19.Rad1 Nd7 20.Ne4 b5 21.Ncd6 Rb8 22.b4 f5
23.Nxc8 fxe4 24.Ne7+ Kh8 25.Rxd4 cxd4 26.Qxe4 Qd6 27.Qxd4 Rbe8 28.Re6 Qc7
29.Nc6 Ne5 30.Qxe5 Qf7 31.f4 a6 32.h3 Rc8 33.d6 Ra8 34.Re7 Qg6 35.d7 h6 36.d8=Q Raxd8
37.Nxd8 Rxd8 38.Kh2  1-0

[Event "15th Ajuinentornooi 2013"]
[Site "Aalst BEL"]
[Date "2013.06.12"]
[Round "9.1"]
[White "Ringoir,T"]
[Black "Roos,Ad"]
[Result "1/2-1/2"]
[WhiteElo "2477"]
[BlackElo "2210"]

1.Nf3 Nf6 2.c4 e6 3.g3 d5 4.d4 Be7 5.Bg2 O-O 6.O-O dxc4 7.Qc2 a6 8.Qxc4 b5
9.Qc2 Bb7 10.Bd2 Bd6 11.a3 Nbd7 12.Ba5 Qb8 13.b4 e5 14.Nbd2 exd4 15.Nxd4  1/2-1/2

[Event "2nd Grand Europe Open 2013"]
[Site "Golden Sands BUL"]
[Date "2013.06.12"]
[Round "3.31"]
[White "Spassov,L"]
[Black "Gavrilov,Al1"]
[Result "1/2-1/2"]
[WhiteElo "2335"]
[BlackElo "2454"]

1.d4 Nf6 2.c4 e6 3.Nf3 d5 4.g3 Be7 5.Bg2 O-O 6.O-O dxc4 7.Qc2 a6 8.a4 Bd7
9.Nbd2 Bc6 10.Nxc4 Be4 11.Qb3 Nbd7 12.Nfe5 Bxg2 13.Kxg2 Nxe5 14.dxe5 Qd5+
15.f3 b5 16.Na5 Qxb3 17.Nxb3 Nd7 18.axb5 axb5 19.Rxa8 Rxa8 20.Nd4 Nxe5 21.Nxb5 Rb8
22.Na3 f5 23.Rd1 Kf7 24.Rd4 Ke8 25.Ra4 Kd7 26.h3 Bf6 27.Kf2 Rb6 28.Ke1 h5
29.h4 Nf7 30.Nc4 Nd6 31.Nxd6 Kxd6 32.Kd1 Be5 33.Kc2 Rb5 34.f4 Bf6 35.b3 Rc5+
36.Rc4 Ra5 37.Ra4 Rc5+ 38.Rc4 Rxc4+ 39.bxc4 Kc5 40.Kd3 Kb4 41.Bd2+ Kb3 42.Be1 c6
43.Bd2 g6 44.Be1 Bg7 45.Bd2 Bb2 46.Be1 Bf6 47.Bd2 Be7 48.Ba5 Bb4 49.Bd8 Bc3
50.e3 Be1 51.Kd4 Bxg3 52.Kc5 e5 53.fxe5 Bxe5 54.Bg5 Bg3 55.Kxc6 Kxc4  1/2-1/2

[Event "2nd Grand Europe Open 2013"]
[Site "Golden Sands BUL"]
[Date "2013.06.13"]
[Round "4.52"]
[White "Koksal,E"]
[Black "Karthikeyan,M2"]
[Result "0-1"]
[WhiteElo "2247"]
[BlackElo "2435"]

1.d4 d5 2.Nf3 Nf6 3.c4 e6 4.g3 Be7 5.Bg2 O-O 6.O-O dxc4 7.Ne5 Nc6 8.Nxc6 bxc6
9.Na3 Bxa3 10.bxa3 Ba6 11.Bxc6 Rb8 12.Qa4 Rb6 13.Bd2 Nd5 14.Rab1 c3 15.Rxb6 Bxe2
16.Rbb1 cxd2 17.Qc2 Ne7 18.Rfd1 Nxc6 19.Rxd2 Bf3 20.Rb3 Bd5 21.Rc3 Qd6 22.Rd1 g6
23.Qa4 Rb8 24.Rdc1 Rb6 25.Rc5 Bf3 26.R5c4 Qd5 27.Rc5 Qxd4 28.Qxd4 Nxd4 29.Kf1 c6
30.Ra5 Rb2 31.Ra4 Ne2 32.Re1 Nc3 33.Kg1 Ne4 34.Rf1 Ng5 35.h4 Nh3+ 36.Kh2 Nxf2
37.g4 Ne4+ 38.Kh3 Bg2+  0-1

[Event "Zonal 3.4 2013"]
[Site "Osh KGZ"]
[Date "2013.06.13"]
[Round "7"]
[White "Khuseinkhodzhaev,M"]
[Black "Khamrakulov,D"]
[Result "1/2-1/2"]
[WhiteElo "2401"]
[BlackElo "2445"]

1.Nf3 Nf6 2.c4 e6 3.g3 d5 4.d4 Be7 5.Bg2 O-O 6.O-O dxc4 7.Qc2 a6 8.Qxc4 b5
9.Qc2 Bb7 10.Bd2 Ra7 11.a3 Be4 12.Qc1 Nc6 13.e3 Qa8 14.Bc3 a5 15.Nbd2 Bd5
16.b3 Nb8 17.Qd1 Ne4 18.Nxe4 Bxe4 19.Qe2 Qd5 20.Rfc1 Nd7 21.b4 axb4 22.Bxb4 Re8
23.Ne1 Bxg2 24.Nxg2 Bxb4 25.axb4 Rxa1 26.Rxa1 e5 27.e4 exd4 28.exd5 Rxe2
29.Nf4 Re8 30.Rd1 Nf6 31.Rxd4 Rd8 32.h4 g6 33.Kg2 h6 34.Kf3 g5 35.hxg5 hxg5
36.Nd3 Kf8 37.Ne5 Rd6 38.Nc6 Nxd5 39.Na7 Nc3 40.Rxd6 cxd6 41.Nc8 d5 42.Ke3 Na2
43.Nd6 Nxb4 44.Nxb5 Ke7 45.Kd4 Ke6 46.f4 gxf4 47.gxf4 Nc6+ 48.Kc5 Ne7 49.Nd4+ Kf6
50.Kd6 Nf5+ 51.Kxd5 Nxd4 52.Kxd4 Kf5 53.Ke3 Kg4 54.Ke4 f6 55.f5 Kg5 56.Ke3 Kxf5
57.Kf3  1/2-1/2

[Event "17th Petr Izmailov"]
[Site "Tomsk RUS"]
[Date "2013.06.14"]
[Round "4.32"]
[White "Zapolsky,Sergey"]
[Black "Terchanyan,Zograb"]
[Result "1-0"]
[WhiteElo "2049"]
[BlackElo "1906"]

1.d4 Nf6 2.c4 e6 3.g3 d5 4.Bg2 Be7 5.Nf3 dxc4 6.O-O a6 7.Ne5 O-O 8.Nc3 c5
9.dxc5 Bxc5 10.Nxc4 Nc6 11.Bf4 Qe7 12.Bd6 Bxd6 13.Qxd6 Rd8 14.Qxe7 Nxe7 15.Rfd1 Rf8
16.Na4 Ned5 17.e4 Ne7 18.Nab6 Rb8 19.e5 Nfd5 20.a4 Nxb6 21.Nxb6 Nc6 22.f4 f6
23.exf6 Rxf6 24.Rd6 e5 25.Bd5+ Kf8 26.fxe5 Nxe5 27.Rd8+ Ke7 28.Rxc8 Rxc8
29.Nxc8+ Kd7 30.Rc1 Nd3 31.Rc3 Nxb2 32.a5 Nd1 33.Rc1 Ne3 34.Bxb7 Rf5 35.Nb6+ Ke7
36.Re1 Re5  1-0

[Event "2nd Grand Europe Open 2013"]
[Site "Golden Sands BUL"]
[Date "2013.06.15"]
[Round "6.9"]
[White "Ashwin,J"]
[Black "Rusev,K"]
[Result "1/2-1/2"]
[WhiteElo "2472"]
[BlackElo "2556"]

1.d4 Nf6 2.c4 e6 3.g3 d5 4.Nf3 Be7 5.Bg2 O-O 6.O-O dxc4 7.Qc2 b5 8.a4 b4
9.Nfd2 b3 10.Qxc4 Ba6 11.Qxb3 c6 12.Nc3 Qxd4 13.Nde4 Nd5 14.Bg5 Bxg5 15.Nxg5 h6
16.Nf3 Qb6 17.Qa3 Nd7 18.a5 Qb7 19.Rfc1 Rab8 20.Nd4 c5 21.Nxd5 exd5 22.Nf5 Qxb2
23.Ne7+ Kh8 24.Nc6 Qxa3 25.Rxa3 Rb2 26.Bxd5 Rxe2 27.Nxa7 Ne5 28.Re3 Rxe3
29.fxe3 c4 30.Nc6 Nxc6 31.Bxc6 f5 32.e4 fxe4 33.Bxe4 Re8 34.Bg6 Re6 35.Bc2 Re5
36.Rd1 g5 37.Rd6 Rxa5 38.Rxh6+ Kg7 39.Rc6 Ra1+ 40.Kf2 Ra2 41.Ke3 Rxc2 42.Rxa6 Rxh2
43.Rc6  1/2-1/2

[Event "US Juniors 2013"]
[Site "Saint Louis USA"]
[Date "2013.06.15"]
[Round "2.1"]
[White "Troff,Kayden W"]
[Black "Chiang,S"]
[Result "1-0"]
[WhiteElo "2443"]
[BlackElo "2101"]

1.d4 Nf6 2.c4 e6 3.g3 d5 4.Nf3 Be7 5.Bg2 O-O 6.O-O dxc4 7.Ne5 Nc6 8.Bxc6 bxc6
9.Nxc6 Qd6 10.Nxe7+ Qxe7 11.Qc2 c5 12.Qxc4 cxd4 13.Qxd4 Rd8 14.Qh4 e5 15.Bg5 Rd4
16.Bxf6 gxf6 17.e4 Bb7 18.Nc3 Rad8 19.Rfe1 Qe6 20.Re3 Kh8 21.Rc1 Rc8 22.Rce1 Rg8
23.Qh5 Rg5 24.Qe2 Qh3 25.Qf1 Qe6 26.Qb5 Qc8 27.Nd5 Bxd5 28.exd5 Qh3 29.Qc5 Kg7
30.Re4 Rxe4 31.Rxe4 Rh5 32.Qc2 Qxh2+ 33.Kf1 Qh3+ 34.Ke2 Qd7 35.Qd3 Rh2 36.d6 Rh6
37.Qd5 Rh2 38.Rc4 Qf5 39.Qf3 Qe6 40.Qg4+ Qxg4+ 41.Rxg4+ Kf8 42.Rg8+ Kxg8
43.d7  1-0

[Event "17th Petr Izmailov"]
[Site "Tomsk RUS"]
[Date "2013.06.15"]
[Round "5.25"]
[White "Kuznetsov,E"]
[Black "Lysakov,A"]
[Result "1-0"]
[WhiteElo "2172"]
[BlackElo "2032"]

1.d4 d5 2.Nf3 Nf6 3.c4 e6 4.g3 Be7 5.Bg2 O-O 6.O-O Nc6 7.e3 b6 8.Qa4 Na5
9.Ne5 Qe8 10.Qxe8 Rxe8 11.Bd2 Rb8 12.cxd5 exd5 13.Nc3 Bd6 14.f4 Ne4 15.Nxe4 dxe4
16.Bxe4 Bxe5 17.fxe5 Bb7 18.Bxb7 Nxb7 19.b4 c5 20.bxc5 bxc5 21.Rab1 Rec8
22.Rfc1  1-0

[Event "FIDE WGP Dilijan 2013"]
[Site "Dilijan ARM"]
[Date "2013.06.16"]
[Round "1.2"]
[White "Harika,D"]
[Black "Koneru,H"]
[Result "1/2-1/2"]
[WhiteElo "2492"]
[BlackElo "2597"]

1.d4 Nf6 2.c4 e6 3.g3 d5 4.Nf3 Be7 5.Bg2 O-O 6.O-O dxc4 7.Qc2 a6 8.Qxc4 b5
9.Qc2 Bb7 10.Bd2 Be4 11.Qc1 Bb7 12.Qc2 Be4 13.Qc1 Bb7 14.a3 Qc8 15.b4 Nbd7
16.Nc3 Bd6 17.Re1 Ne4 18.Nxe4 Bxe4 19.Bh3 h6 20.Bc3 Bxf3 21.exf3 Nb6 22.f4 Qd7
23.Ra2 Nd5 24.Rae2 Qd8 25.Bg2 Qf6 26.Bd2 Rab8 27.Bxd5 exd5 28.Qc3 Qf5 29.Kg2 Rfd8
30.h3 Qf6 31.Qd3 g6 32.f5 Qxf5 33.Qxf5 gxf5 34.Bxh6 a5 35.Bg5 Rdc8 36.Bd2 axb4
37.Bxb4 Ra8 38.Rc1 Bxb4 39.axb4 Ra4 40.Re5 Rxb4 41.Rxd5 f4 42.g4 c6 43.Rg5+ Kf8
44.d5 c5 45.d6 c4 46.Rd1 Rd8 47.Rc5 Rb3 48.Rdd5 Kg7 49.h4 f5 50.d7 Rd3 51.Rxf5 R8xd7
52.Rxb5 Rc7 53.Rg5+ Kf8 54.Rbf5+ Rf7 55.Rc5 Rd4 56.Rc8+ Ke7 57.Rc7+ Kf8 58.Rxf7+ Kxf7
59.Rc5 Ke6 60.h5 Kd6 61.Rc8 Kd7 62.Rc5 Kd6 63.Rc8 Kd7 64.Ra8 c3 65.Ra3 Rc4
66.Ra1 c2 67.Rc1 Ke6 68.Kf3 Kf6 69.Ke2 Rc3 70.Kd2 Rf3 71.Ke2 Rc3 72.Kd2 Rf3
73.Rxc2 Kg5 74.Ke2 Kxg4 75.Rc8 Rh3 76.Rg8+ Kf5 77.Rh8 Kg5 78.Rg8+ Kf6 79.Ra8 Rxh5
80.Kf3 Rh4 81.Ke4 f3+ 82.Kxf3 Rb4 83.Kg3 Rc4 84.f4 Rc1 85.Ra6+ Kf5 86.Ra5+ Kf6
87.Ra6+ Kf5 88.Ra5+ Kf6 89.Ra6+  1/2-1/2

[Event "82nd ch-UKR 2013"]
[Site "Kiev UKR"]
[Date "2013.06.18"]
[Round "4.6"]
[White "Baryshpolets,A"]
[Black "Kravtsiv,M"]
[Result "1/2-1/2"]
[WhiteElo "2547"]
[BlackElo "2626"]

1.d4 Nf6 2.c4 e6 3.g3 d5 4.Bg2 Be7 5.Nf3 O-O 6.O-O dxc4 7.Nc3 Nc6 8.e3 Rb8
9.Qa4 Nb4 10.Qxa7 Bd7 11.Ne5 c6 12.Qa4 c5 13.Nxd7 Qxd7 14.dxc5 Bxc5 15.Rd1 Qxa4
16.Nxa4 Ba7 17.Nc3 Nd3 18.Nb5 Bc5 19.Bf1 Rfd8 20.b3 Ne4 21.Bxd3 cxd3 22.Bb2 Rd5
23.Kg2 Bf8 24.f3 Rxb5 25.fxe4 Rc5 26.Kf3 Rc2 27.Bd4 f6 28.Rxd3 e5 29.Bb6 Rbc8
30.h4 h5 31.Ba5 Ra8 32.Be1 Rcxa2 33.Rxa2 Rxa2 34.Rd8 Kf7 35.Rd7+ Ke6 36.Rxb7 g5
37.hxg5 fxg5 38.Bf2 Bc5 39.g4 hxg4+ 40.Kg3 Re2 41.b4 Bxe3 42.Bxe3 Rxe3+ 43.Kxg4 Rxe4+  1/2-1/2

[Event "12th TCh-BIH Prem"]
[Site "Sarajevo BIH"]
[Date "2013.06.18"]
[Round "4.1"]
[White "Tadic,Br"]
[Black "Miladinovic,I"]
[Result "1/2-1/2"]
[WhiteElo "2513"]
[BlackElo "2556"]

1.Nf3 Nf6 2.c4 e6 3.g3 d5 4.d4 Be7 5.Bg2 O-O 6.O-O dxc4 7.Qc2 a6 8.Qxc4 b5
9.Qc2 Bb7 10.Bg5 Nbd7 11.Bxf6 Nxf6 12.Nbd2 Rc8 13.Nb3 c5 14.dxc5 Bd5 15.Rfd1 Qc7
16.Ne1 Bxb3 17.Qxb3 Bxc5 18.Nd3 Bd6 19.Rac1 Qb6 20.Rc2  1/2-1/2

[Event "7th Varna Open 2013"]
[Site "Varna BUL"]
[Date "2013.06.19"]
[Round "1.4"]
[White "Mareco,S"]
[Black "Petrov,Martin"]
[Result "1-0"]
[WhiteElo "2557"]
[BlackElo "1990"]

1.d4 Nf6 2.c4 e6 3.g3 d5 4.Nf3 Be7 5.Bg2 O-O 6.O-O dxc4 7.Qc2 a6 8.Qxc4 b5
9.Qc2 Bb7 10.Bd2 Nbd7 11.Ba5 Rc8 12.Nbd2 Qe8 13.b4 Nd5 14.a3 f5 15.e4 fxe4
16.Qxe4 Rf6 17.h4 h6 18.Rac1 Ba8 19.Qd3 Bd6 20.Rfe1 Rf7 21.Ne4 Re7 22.Re2 N7f6
23.Nc5 Bxc5 24.bxc5 Nd7 25.Bd2 Bc6 26.Nh2 N7f6 27.Qb3 Qf7 28.Rce1 Rce8 29.Qb1 b4
30.axb4 Bb5 31.Re5 Nd7 32.Ng4 h5 33.Bxd5 exd5 34.Rxe7 Rxe7 35.Rxe7 Qxe7 36.Ne3 Nf6
37.f3 Kf7 38.Kf2 g6 39.Qd1 Qe6 40.Ng2 Qf5 41.Bf4 c6 42.Ke3 Qh3 43.Kf2 Qf5
44.Ne1 Nd7 45.Qc1 Nf8 46.Be5 Nd7 47.Bh8 Kg8 48.Qh6 Qf7 49.Ng2 Bd3 50.Be5 Nxe5
51.dxe5 d4 52.Qd2 Qc4 53.e6 Bf5 54.Nf4 Kf8 55.g4 hxg4 56.fxg4 Be4 57.Ne2 Qxe6
58.Qf4+ Qf7 59.Qxf7+ Kxf7 60.Nxd4 Kf6 61.Nf3 Bb1 62.Ke3 Ke6 63.Kd4 Bc2 64.Ne5 Bd1
65.g5 Kf5 66.Nxc6 Kg4 67.Ke5 Kxh4 68.Kf6  1-0

[Event "8th Teplice Open 2013"]
[Site "Teplice CZE"]
[Date "2013.06.20"]
[Round "6.19"]
[White "Cernousek,L"]
[Black "Rubes,J"]
[Result "1-0"]
[WhiteElo "2463"]
[BlackElo "2139"]

1.d4 Nf6 2.c4 e6 3.g3 d5 4.Nf3 Be7 5.Bg2 dxc4 6.Qa4+ Bd7 7.Qxc4 Bc6 8.O-O Nbd7
9.Nc3 O-O 10.Qd3 Qc8 11.e4 Rd8 12.Qe2 Bb4 13.Re1 b6 14.a3 Bxc3 15.bxc3 Bb7
16.e5 Nd5 17.c4 Ne7 18.Bg5 Re8 19.Rad1 h5 20.Bc1 b5 21.cxb5 a6 22.bxa6 Rxa6
23.Ng5 Bxg2 24.Kxg2 c5 25.d5 Qb7 26.Kg1 Nf8  1-0

[Event "8th Teplice Open 2013"]
[Site "Teplice CZE"]
[Date "2013.06.20"]
[Round "6.29"]
[White "Jedlicka,A"]
[Black "Partys,P"]
[Result "1-0"]
[WhiteElo "2231"]
[BlackElo "1976"]

1.d4 Nf6 2.c4 e6 3.g3 d5 4.Bg2 Be7 5.Nf3 O-O 6.O-O Nbd7 7.Qc2 c6 8.Nbd2 b6
9.e4 dxe4 10.Nxe4 Bb7 11.Rd1 Qc8 12.Nxf6+ Nxf6 13.c5 Nd5 14.Bg5 Qc7 15.Bxe7 Qxe7
16.h4 Rfd8 17.Rac1 Rac8 18.Re1 Nb4 19.Qe4 Ba6 20.Re3 bxc5 21.Rxc5 Rd5 22.Ng5 g6
23.Bh3 Bd3 24.Qf3 Rxc5 25.dxc5 Bc4 26.Qe4 Nd5 27.Rf3  1-0

[Event "6th Karen Asrian Mem"]
[Site "Jermuk ARM"]
[Date "2013.06.21"]
[Round "6.15"]
[White "Petrosyan,T1"]
[Black "Aleksanyan,Hrant"]
[Result "1-0"]
[WhiteElo "2356"]
[BlackElo "1939"]

1.d4 Nf6 2.c4 e6 3.g3 d5 4.Bg2 Be7 5.Nf3 O-O 6.O-O dxc4 7.Qc2 a6 8.a4 Nc6
9.Qxc4 Nb4 10.Qb3 a5 11.Nc3 b6 12.Ne5 Rb8 13.Rd1 Bb7 14.e4 Nd7 15.Nc4 Rc8
16.Be3 Re8 17.Rac1 Bf8 18.Bf4 g5 19.Be3 Bg7 20.Nb5 Na6 21.d5 exd5 22.exd5 Nac5
23.Qc2 Qf6 24.Bd4 Qg6 25.Qxg6 hxg6 26.Bxc5 Nxc5 27.d6 Bxg2 28.Kxg2 cxd6 29.Nbxd6 Nxa4
30.Nxc8 Rxc8 31.b3 Nb2 32.Nxb6 Rb8 33.Rd6 Kh7 34.Rcc6 Be5 35.Rd5 Re8 36.Nc4 Nxc4
37.Rxc4 Bf6 38.Rxa5 Rb8 39.b4 Rb7 40.Rd5 Kg7 41.b5 Kf8 42.Rc6 Be7 43.b6 Rb8
44.Rd7 Ke8 45.Rdc7 Bd8 46.Rc8 Rb7 47.Rd6  1-0

[Event "13th IPCA World Championship"]
[Site "Velke Losiny CZE"]
[Date "2013.06.21"]
[Round "5.2"]
[White "Jaworski,Mi"]
[Black "Yarmonov,I"]
[Result "1/2-1/2"]
[WhiteElo "2293"]
[BlackElo "2309"]

1.d4 d5 2.c4 e6 3.Nf3 Nf6 4.g3 Be7 5.Bg2 O-O 6.O-O dxc4 7.Qc2 a6 8.a4 Nbd7
9.Qxc4 b5 10.Qd3 Bb7 11.Bg5 c5 12.axb5 axb5 13.Rxa8 Qxa8 14.dxc5 Nxc5 15.Qxb5 Ba6
16.Qa5 Bxe2 17.Qxa8 Rxa8 18.Nd4 Bxf1 19.Bxa8 Bd3 20.Nc3 Na6 21.Bf3 Nb4 22.Nc6 Nxc6
23.Bxc6 Kf8 24.Be3 e5 25.f3 Bb4 26.Kf2 Ke7 27.Ne4 Bc4 28.Bg5 Ke6 29.Nxf6 gxf6
30.Be3 f5 31.Bb6 Kd6 32.Bb7 Bd2 33.Be3 Ba5 34.Bc8 Bd3 35.Bb7 Bc4 36.Bc8 Bd3
37.Bb7 Bc4  1/2-1/2

[Event "8th Tal Memorial"]
[Site "Moscow RUS"]
[Date "2013.06.22"]
[Round "8.2"]
[White "Andreikin,D"]
[Black "Karjakin,Sergey"]
[Result "1/2-1/2"]
[WhiteElo "2713"]
[BlackElo "2782"]

1.d4 Nf6 2.c4 e6 3.g3 d5 4.Bg2 Be7 5.Nf3 O-O 6.O-O dxc4 7.Qc2 a6 8.a4 Bd7
9.Ne5 Nc6 10.Qxc4 Nxe5 11.dxe5 Nd5 12.Rd1 Qc8 13.Nc3 Nxc3 14.Qxc3 c5 15.Be3 Rb8
16.b4 Bc6 17.Bxc5 Bxg2 18.Kxg2 b6 19.Bd4 Qb7+ 20.f3 Rfc8 21.Qb3 b5 22.axb5 Qxb5
23.Qd3 Rc6 24.Bc5 Bxc5 25.bxc5 Qxd3 26.Rxd3 Rxc5 27.Rxa6 Rxe5 28.Rb6 Rf8
29.Kf2 g6 30.Rdb3 Kg7 31.R6b5 Rxb5 32.Rxb5  1/2-1/2

[Event "8th Teplice Open 2013"]
[Site "Teplice CZE"]
[Date "2013.06.22"]
[Round "8.18"]
[White "Biolek,R1"]
[Black "Freisler,P"]
[Result "0-1"]
[WhiteElo "2412"]
[BlackElo "2322"]

1.d4 Nf6 2.c4 e6 3.g3 d5 4.Bg2 Be7 5.Nf3 O-O 6.O-O dxc4 7.Qc2 a6 8.Qxc4 b5
9.Qc2 Bb7 10.Bd2 Be4 11.Qc1 Qc8 12.Bg5 Nbd7 13.Nbd2 Bd5 14.e4 Bb7 15.e5 Nd5
16.Bxe7 Nxe7 17.Nb3 Bd5 18.Nc5 Rd8 19.Rd1 Nxc5 20.Qxc5 Rd7 21.Nh4 Bxg2 22.Nxg2 Qb7
23.Rac1 Rad8 24.Ne3 h5 25.h4 Qf3 26.Rd2 g6 27.b3 Kg7 28.Rc3 Qe4 29.Kh2 g5
30.hxg5 h4 31.Kg1 hxg3 32.fxg3 Nd5 33.Nxd5 Qe1+  0-1

[Event "66th ch-RUS HL"]
[Site "Yekaterinburg RUS"]
[Date "2013.06.22"]
[Round "3.24"]
[White "Korniushin,N"]
[Black "Kruchev,B"]
[Result "1-0"]
[WhiteElo "2373"]
[BlackElo "2272"]

1.d4 Nf6 2.c4 e6 3.g3 d5 4.Bg2 Be7 5.Nf3 O-O 6.O-O c6 7.Qc2 b6 8.Nbd2 Bb7
9.e4 Nbd7 10.e5 Ne8 11.b3 Rc8 12.Bb2 Nc7 13.Rfd1 Re8 14.Rac1 Nf8 15.Qb1 Ng6
16.h4 c5 17.dxc5 Bxc5 18.h5 Nf8 19.h6 Qe7 20.hxg7 Ng6 21.cxd5 exd5 22.Nf1 Ne6
23.b4 Bxb4 24.Ne3 Rxc1 25.Qxc1 Rc8 26.Nxd5 Qc5 27.Nf6+ Kxg7 28.Nh5+ Kf8 29.Qh6+ Ke7
30.Nd4 Nxd4 31.Qg5+ Kf8 32.Bxd4 Qc2 33.Bc5+  1-0

[Event "66th ch-RUS HL"]
[Site "Yekaterinburg RUS"]
[Date "2013.06.22"]
[Round "3.4"]
[White "Goganov,A"]
[Black "Khairullin,I"]
[Result "1-0"]
[WhiteElo "2562"]
[BlackElo "2658"]

1.d4 Nf6 2.c4 e6 3.Nf3 d5 4.g3 Be7 5.Bg2 O-O 6.O-O dxc4 7.Ne5 Nc6 8.Bxc6 bxc6
9.Nxc6 Qe8 10.Nxe7+ Qxe7 11.Qc2 e5 12.Rd1 exd4 13.Rxd4 Re8 14.Bg5 h6 15.Bxf6 Qxf6
16.Rf4 Qe5 17.Nc3 Be6 18.Re4 Qc5 19.Na4 Qc6 20.Rd4 Rad8 21.Rad1 Rd6 22.Nc3 Red8
23.Rxd6 cxd6 24.Rd4 Rb8 25.Qd2 Qb6 26.Rxd6 Qxb2 27.Qe3 Qb7 28.f3 Re8 29.Qd4 Qb2
30.Kg2 Qb7 31.h4 h5 32.Rd8 Rxd8 33.Qxd8+ Kh7 34.Qg5 g6 35.Ne4 Qb2 36.Nf6+ Kg7
37.Nxh5+ Kh7 38.Nf6+ Kg7 39.Nh5+ Kh7 40.Nf4 c3 41.Qe5 Qd2 42.h5 Bxa2 43.h6 Kxh6
44.Qh8+ Kg5 45.Ne6+  1-0

[Event "82nd ch-UKR 2013"]
[Site "Kiev UKR"]
[Date "2013.06.23"]
[Round "8.3"]
[White "Baryshpolets,A"]
[Black "Kryvoruchko,Y"]
[Result "1/2-1/2"]
[WhiteElo "2547"]
[BlackElo "2659"]

1.d4 Nf6 2.c4 e6 3.g3 d5 4.Bg2 Be7 5.Nf3 O-O 6.Qc2 c5 7.dxc5 Qa5+ 8.Nc3 dxc4
9.O-O Nc6 10.Bg5 Qxc5 11.Bxf6 Bxf6 12.Ne4 Qe7 13.Rfd1 b5 14.a4 Rb8 15.axb5 Rxb5
16.Qxc4 Rb6 17.Nxf6+ Qxf6 18.Nd2 Bb7 19.Qc5 Rxb2 20.Rab1 Nd8 21.Bxb7 Nxb7
22.Qxa7  1/2-1/2

[Event "6th Sveins Memorial"]
[Site "Oslo NOR"]
[Date "2013.06.23"]
[Round "4"]
[White "Kvisvik,B"]
[Black "Ostby,Martin Bergsjo"]
[Result "1-0"]
[WhiteElo "2312"]
[BlackElo "1872"]

1.d4 d5 2.c4 e6 3.Nf3 Nf6 4.g3 Be7 5.Bg2 O-O 6.O-O Nbd7 7.Qc2 c5 8.cxd5 Nxd5
9.Rd1 cxd4 10.Nxd4 N7b6 11.e4 Nb4 12.Qe2 Bd7 13.a3 Nc6 14.Nxc6 bxc6 15.Nc3 e5
16.Be3 Qc7 17.Rac1 Be6 18.Nd5 Bxd5 19.exd5 c5 20.b4  1-0

[Event "8th Teplice Open 2013"]
[Site "Teplice CZE"]
[Date "2013.06.23"]
[Round "9.32"]
[White "Jacobsen,Bo"]
[Black "Vrchotka,J"]
[Result "1-0"]
[WhiteElo "2312"]
[BlackElo "2001"]

1.c4 e6 2.g3 d5 3.Bg2 Nf6 4.Nf3 Be7 5.d4 c6 6.O-O O-O 7.Qc2 Nbd7 8.Nbd2 Re8
9.Rd1 Bd6 10.e4 dxe4 11.Nxe4 Nxe4 12.Qxe4 Nf6 13.Qc2 Qc7 14.Bg5 Bd7 15.Ne5 Rad8
16.Bxf6 gxf6 17.Nxf7 Kxf7 18.Qxh7+ Kf8 19.Bf3 Rb8 20.Bh5  1-0

[Event "FIDE WGP Dilijan 2013"]
[Site "Dilijan ARM"]
[Date "2013.06.24"]
[Round "8.5"]
[White "Harika,D"]
[Black "Kosintseva,T"]
[Result "0-1"]
[WhiteElo "2492"]
[BlackElo "2526"]

1.d4 Nf6 2.c4 e6 3.g3 d5 4.Nf3 Be7 5.Bg2 O-O 6.O-O dxc4 7.Qc2 a6 8.Qxc4 b5
9.Qc2 Bb7 10.Bd2 Bd6 11.Re1 Be4 12.Qc1 Bb7 13.Qc2 Be4 14.Qc1 Bb7 15.a3 Nbd7
16.b4 Qb8 17.Nc3 e5 18.e4 Re8 19.Bg5 exd4 20.Nxd4 Be5 21.Nf5 c5 22.Ra2 g6
23.Nh6+ Kg7 24.Nd1 cxb4 25.axb4 Qd6 26.Qb1 Qe6 27.Rae2 Ng8 28.Nxg8 Kxg8 29.Nb2 Rac8
30.Nd3 Bd4 31.Be3 Rc4 32.Nf4 Qe5 33.Bxd4 Rxd4 34.Qb2 Nb6 35.Nd5 Rxd5 36.exd5 Qxb2
37.Rxe8+ Kg7 38.Rb8 Qc3 39.Ree8 Qc1+ 40.Bf1 Bxd5  0-1

[Event "V4 Liptov IM 2013"]
[Site "Liptovsky Mikulas SVK"]
[Date "2013.06.25"]
[Round "7.5"]
[White "Mazur,Ste"]
[Black "Jozefek,M"]
[Result "1/2-1/2"]
[WhiteElo "2387"]
[BlackElo "2207"]

1.d4 Nf6 2.c4 e6 3.g3 d5 4.Nf3 Be7 5.Bg2 O-O 6.O-O dxc4 7.Ne5 Nc6 8.Nxc6 bxc6
9.e3 Nd5 10.Qa4 Nb6 11.Qc2 Ba6 12.Rd1 Rb8 13.Nd2 Qd7 14.a4 Rfd8 15.a5 Nd5
16.Nxc4 Nb4 17.Qe2 c5 18.b3 cxd4 19.Rxd4 Qb5 20.Bb2 Rxd4 21.Bxd4 Nc6 22.Bxc6 Qxc6
23.Ne5 Qd6 24.Qh5 g6 25.Qf3 f5 26.Nc6 Rxb3 27.Nxe7+ Qxe7 28.Qa8+ Qf8 29.Qxa7 Qc8
30.Qc5 Qb7 31.Rc1 Rb1 32.h4 Qe4 33.f3 Rxc1+ 34.Qxc1 Qxf3 35.Qxc7 Qf1+  1/2-1/2

[Event "9th Prague Festival Open A"]
[Site "Prague CZE"]
[Date "2013.06.26"]
[Round "5.8"]
[White "Rut,Vojtech"]
[Black "Walid,Anwar"]
[Result "1/2-1/2"]
[WhiteElo "2105"]
[BlackElo "1887"]

1.d4 Nf6 2.c4 e6 3.g3 d5 4.Nf3 Be7 5.Bg2 O-O 6.O-O dxc4 7.Qc2 a6 8.Qxc4 b5
9.Qc2 Bb7 10.Bd2 Ra7 11.Rc1 Be4 12.Qb3 Bd5 13.Qe3 Ne4 14.Ba5 Nd6 15.b3 Nc6
16.Rxc6 Nf5 17.Qc1 Bxc6 18.Qxc6 Nxd4 19.Nxd4 Qxd4 20.Bc3 Qd1+ 21.Bf1 b4 22.Bb2 Qd8
23.Qc2 c5 24.Nd2 Rd7 25.Nc4 Bf6 26.e3 Bxb2 27.Qxb2 Qc7 28.Be2 Rfd8 29.a3 a5
30.axb4 axb4 31.Ra2 h6 32.Qa1 Qb7 33.Ra5 Qe4 34.Ra2 Qf5 35.Ra8 Qc2 36.Ne5 Rd2
37.Qa5 Rd1+ 38.Kg2 Qe4+ 39.Bf3 Rxa8 40.Qxa8+ Qxa8 41.Bxa8 Rb1  1/2-1/2

[Event "2nd Arberopen 2013"]
[Site "Bayerisch Eisenstein GER"]
[Date "2013.06.29"]
[Round "1.11"]
[White "Sauer,Eric"]
[Black "Solberg,J"]
[Result "1/2-1/2"]
[WhiteElo "1901"]
[BlackElo "2212"]

1.d4 Nf6 2.c4 e6 3.g3 d5 4.Bg2 Be7 5.Nf3 O-O 6.O-O dxc4 7.Qc2 a6 8.Qxc4 b5
9.Qc2 Bb7 10.Bf4 Nc6 11.Rd1 Rc8 12.Nc3 Nb4 13.Qb3 Nbd5 14.Rac1 Nxc3 15.Qxc3 Nd5
16.Qe1 Nxf4 17.gxf4 Bd6 18.e3 Qf6 19.Ne5 Bxg2 20.Kxg2 Bxe5 21.fxe5 Qg6+ 22.Kh1 Qe4+
23.Kg1 f6 24.f4 Kh8 25.Qg3 Rg8 26.Kf2 fxe5 27.dxe5 Qa4 28.a3 b4 29.Rd4 c5
30.Rdc4 Rcd8 31.R1c2 Qb3 32.Rxc5 bxa3 33.bxa3 Qxa3 34.R5c3 Qb4 35.Qg4 Qb1
36.Qxe6 Qh1 37.Kg3 Qg1+ 38.Kh3 Qf1+ 39.Kg3 Rd3 40.Rxd3 Qxd3 41.Rc8 Qxe3+
42.Kg2 Qe4+ 43.Kg3 Qe3+ 44.Kg2 Qe4+  1/2-1/2